| 000 | 00474nam a2200157Ia 4500 | ||
|---|---|---|---|
| 008 | 150610s9999 xx 000 0 und d | ||
| 020 | _a9780064470308 | ||
| 050 |
_aPZ7 _b.K269Ri 1957 |
||
| 100 | _aKeith, Harold | ||
| 245 |
_aRifles for Winie / _cHarold Keith. |
||
| 260 |
_aNew York : _bHarper Collins, _c1957. |
||
| 300 |
_a322pages ; _c18 cm. |
||
| 520 | _aFiction. | ||
| 650 |
_aUnited States-History-Civil war-1861-1865 _xFiction. |
||
| 650 | _xHistorical Fiction. | ||
| 999 |
_c287940 _d287940 |
||